Spectroscopy /

מידע ביבליוגרפי
מחברים אחרים: Lampman, Gary M.
פורמט: ספר
שפה:English
יצא לאור: Boston, MA : New Delhi : Academic and Professional Group ; Cengage learning, 2012
מהדורה:4th ed. & int. ed.
נושאים:
Classic Catalogue: View this record in Classic Catalogue
LEADER 01851nam a2200337 a 4500
001 0026239
003 BD-DhAAL
008 121119s2012 mau 001 0 eng d
010 |a  2009925784 
020 |a 9788131517154 
020 |a 8131517152 
020 |a 9780538734189 
040 |a DLC  |c DLC  |d BD-DhAAL 
082 0 0 |a 543.5  |2 23 
245 1 0 |a Spectroscopy /  |c Gary M. Lampman ... [et al.]. 
250 |a 4th ed. & int. ed. 
260 |a Boston, MA :  |b Academic and Professional Group ;  |a New Delhi :  |b Cengage learning,  |c 2012 
300 |a xv, 647, 39, 8 pages :  |c 28 cm 
500 |a Includes index. 
541 |e 00026239 
650 0 |a Spectrum analysis 
650 0 |a Organic compounds  |x analysis 
700 1 |a Lampman, Gary M.  |9 22398 
852 4 |a Ayesha Abed Library  |c General Stacks 
942 |2 ddc  |c BK 
999 |c 12956  |d 12956 
952 |0 0  |1 0  |2 ddc  |4 0  |6 543_500000000000000_SPE  |7 0  |9 21419  |a BRACUL  |b BRACUL  |c GEN  |d 2012-11-19  |e Paragon Enterprises  |g 845.00  |l 3  |m 70  |o 543.5 SPE  |p 3010026239  |r 2024-05-21  |s 2023-02-02  |t 1  |w 2012-11-19  |y BK 
952 |0 0  |1 0  |2 ddc  |4 0  |6 543_500000000000000_SPE  |7 0  |9 21420  |a BRACUL  |b BRACUL  |c GEN  |d 2012-11-19  |e Paragon Enterprises  |g 845.00  |l 11  |m 124  |o 543.5 SPE  |p 3010026240  |r 2024-01-15  |s 2023-08-02  |t 2  |w 2012-11-19  |y BK 
952 |0 0  |1 0  |2 ddc  |4 0  |6 543_500000000000000_SPE  |7 0  |9 21421  |a BRACUL  |b BRACUL  |c GEN  |d 2012-11-19  |e Paragon Enterprises  |g 845.00  |l 4  |m 46  |o 543.5 SPE  |p 3010026241  |r 2023-12-24  |s 2023-08-07  |t 3  |w 2012-11-19  |y BK 
952 |0 0  |1 0  |2 ddc  |3 Need to change call number  |4 0  |6 547_000000000000000__30858_SPE  |7 0  |9 21422  |a PHR  |b PHR  |c GEN  |d 2012-11-19  |e Paragon Enterprises  |g 845.00  |l 1  |m 5  |o 547.30858 SPE  |p 3010026242  |r 2016-12-15  |s 2016-11-04  |t 4  |w 2012-11-19  |y BK 
952 |0 0  |1 0  |2 ddc  |4 0  |6 543_500000000000000_SPE  |7 0  |9 21423  |a BRACUL  |b BRACUL  |c GEN  |d 2012-11-19  |e Paragon Enterprises  |g 845.00  |l 4  |m 32  |o 543.5 SPE  |p 3010026243  |r 2023-08-21  |s 2023-08-06  |t 5  |w 2012-11-19  |y BK